000 00821cam a2200289Ma 4500
001 80673
005 20230411085754.0
008 071220s2008 fr d 000 0 fre d
035 _a(OCoLC)ocn424659188
040 _aHLS
_cHLS
020 _a9782729833725
020 _a2729833722
035 _a(OCoLC)424659188
050 1 4 _aR B 2430
_bD937d 2008
049 _aGRAL
100 1 _aDupond, Pascal.
245 1 0 _aDictionnaire Merleau-Ponty /
_cPascal Dupond.
260 _aParis :
_bEllipses,
_cc2008.
300 _a233 p. ;
_c21 cm.
440 0 _aEllipses
504 _aIncludes bibliographical references (p. 233).
600 1 0 _aMerleau-Ponty, Maurice,
_d1908-1961
_vDictionaries.
650 0 _aPhilosophy, French
_y20th century
_vDictionaries.
942 _2lcc
_cbk
994 _aC0
_bDRFGD
946 _amm
999 _c107163
_d107163